[Event "AUTO-BEG-58"]
[Site "http://www.queenalice.com/game.php?id=152475"]
[Date "2007.1.10"]
[Round "1"]
[White "marcelosi"]
[Black "lozinha"]
[Result "0-1"]
[WhiteElo "1471"]
[BlackElo "1214"]

1. e4 e6 2. Qf3 Nc6 3. Nh3 Nd4 4. Qd3 Qf6 5. c3 Nc6 6. g3 Ne5 7. Qe2 Nh6 8. d4
Neg4 9. Bg5 Qg6 10. Bxh6 gxh6 11. Nf4 Qg5 12. h4 Qa5 13. Qxg4 Qb6 14. b4 a5 15.
d5 axb4 16. cxb4 Qxb4+ 17. Nd2 Qb2 18. Rb1 Qd4 19. dxe6 Bb4 20. exf7+ Kf8 21.
Bc4 d5 22. Ne6+ Bxe6 23. Qxe6 Qxd2+ 24. Kf1 dxc4 25. Qf6 Rxa2 26. Qxh8+ Kxf7 27.
Qxh7+ Ke6 28. Qf5+ Kd6 29. Qf6+ Kc5 30. Qe5+ Kb6 31. Qc5+ Kxc5 32. e5 Qxf2# 0-1

[Event "AUTO-BEG-58"]
[Site "http://www.queenalice.com/game.php?id=152476"]
[Date "2007.1.10"]
[Round "1"]
[White "lozinha"]
[Black "marcelosi"]
[Result "0-1"]
[WhiteElo "1303"]
[BlackElo "1505"]

1. e3 b6 2. Qf3 Nc6 3. Bc4 Nf6 4. Nc3 g6 5. Nd5 Bg7 6. Qg3 Bb7 7. Nxc7+ Kf8 8.
Nxa8 Qxa8 9. Qc7 Qb8 10. Qg3 Ne5 11. Bd3 Qd6 12. b3 Nh5 13. Qh4 Bxg2 14. f3 Bxh1
15. Be4 Nxf3+ 16. Bxf3 Bxa1 17. Bxh1 Qf6 18. Qc4 Bb2 19. Bxb2 Qxb2 20. Qc8+ Kg7
21. Qxd7 Qxc2 22. Qxe7 Qc1+ 23. Kf2 Qxd2+ 24. Kf1 Qxh2 25. Bd5 Ng3+ 26. Ke1
Qxg1+ 27. Kd2 Nf1+ 28. Kd3 Qxe3+ 29. Qxe3 Nxe3 30. Kxe3 h5 31. Kf2 f5 32. b4 a6
33. a3 g5 34. Kg3 h4+ 35. Kh2 g4 36. a4 a5 37. bxa5 bxa5 38. Bc6 h3 39. Kg3 Kf6
40. Bh1 Kg5 41. Bd5 Rd8 42. Be6 Rd3+ 43. Kh2 f4 44. Bc4 Rd2+ 45. Kg1 g3 46. Bb5
Rd1+ 47. Bf1 Rxf1+ 48. Kxf1 Kg4 49. Kg1 f3 50. Kf1 g2+ 51. Kg1 Kf4 52. Kh2 f2
53. Kxh3 f1=Q 54. Kh2 Qh1# 0-1

[Event "AUTO-BEG-58"]
[Site "http://www.queenalice.com/game.php?id=152489"]
[Date "2007.1.10"]
[Round "1"]
[White "lozinha"]
[Black "felipecabeca"]
[Result "1-0"]
[WhiteElo "1129"]
[BlackElo "1035"]

1. e3 e6 2. Qf3 Nf6 3. Nc3 d5 4. Nh3 b5 5. Bxb5+ c6 6. Bf1 Bb4 7. Qg3 h5 8. Qxg7
Kd7 9. Qxf7+ Kd6 10. Qg6 Rg8 11. Qd3 Ba6 12. Qd4 c5 13. Qf4+ e5 14. Qf3 Ne4 15.
Nxe4+ dxe4 16. Qxe4 Nc6 17. Bxa6 Rxg2 18. Qxg2 Qh4 19. Bb7 Rf8 20. Qxc6+ Ke7 21.
Qg2 Rxf2 22. Nxf2 1-0

[Event "AUTO-BEG-58"]
[Site "http://www.queenalice.com/game.php?id=152490"]
[Date "2007.1.10"]
[Round "1"]
[White "felipecabeca"]
[Black "lozinha"]
[Result "0-1"]
[WhiteElo "1035"]
[BlackElo "1163"]

1. e4 e5 2. Nc3 Qg5 3. Nf3 Qf4 4. g3 Qg4 5. h3 Qe6 6. Nxe5 Qxe5 7. f4 Qd4 8. Ne2
Qxe4 9. d3 Qxh1 10. Nd4 Qd5 11. c4 Qxd4 12. b4 Qxa1 13. d4 Qxa2 14. c5 Nc6 15.
Qg4 Qd5 16. f5 Nxb4 17. Bb5 c6 18. Ba4 Qh1+ 19. Kd2 Na2 20. Ba3 Nf6 21. d5 Nxg4
22. hxg4 Qxd5+ 0-1

[Event "AUTO-BEG-58"]
[Site "http://www.queenalice.com/game.php?id=152491"]
[Date "2007.1.10"]
[Round "1"]
[White "lozinha"]
[Black "prodomus"]
[Result "1-0"]
[WhiteElo "1179"]
[BlackElo "1261"]

1. e3 e6 2. Qf3 Nf6 3. Nc3 Nc6 4. a3 Ne5 5. Qf4 Ng6 6. Qc4 Ne5 7. Qd4 Nc6 8. Qf4
Nh5 9. Qg4 g6 10. Nf3 Nf6 11. Qc4 d5 12. Qd3 Bg7 13. Qb5 a6 14. Qd3 Nd7 15. g3
Qf6 16. Bg2 Nde5 17. Qe2 Na5 18. b4 Nac4 19. O-O O-O 20. d3 Nd6 21. Bb2 Bh6 22.
Nd1 a5 23. Bxe5 Qe7 24. Qd2 axb4 25. Qxb4 b6 26. Bb2 c5 27. Qc3 Bd7 28. Qh8# 1-0

[Event "AUTO-BEG-58"]
[Site "http://www.queenalice.com/game.php?id=152492"]
[Date "2007.1.10"]
[Round "1"]
[White "prodomus"]
[Black "lozinha"]
[Result "1-0"]
[WhiteElo "1248"]
[BlackElo "1174"]

1. e3 e6 2. Nc3 Qf6 3. Nf3 Nc6 4. Ne4 Qf5 5. Ng3 Qd5 6. e4 Qc5 7. d4 Qb4+ 8. c3
Qd6 9. h4 Nh6 10. d5 Na5 11. e5 Qc5 12. Ne4 Qe7 13. Bg5 f6 14. exf6 gxf6 15.
Nxf6+ Kf7 16. Qe2 Bg7 17. Ng4 Qd6 18. Nxh6+ Kg6 19. Qe4+ Kh5 20. g4# 1-0

[Event "Challenge"]
[Site "http://www.queenalice.com/game.php?id=162102"]
[Date "2007.2.1"]
[Round "-"]
[White "lozinha"]
[Black "smumustang"]
[Result "1-0"]
[WhiteElo "1255"]
[BlackElo "1185"]

1. e3 Nf6 2. Qf3 e6 3. Nc3 Bd6 4. Be2 O-O 5. b3 b6 6. Qxa8 Nc6 7. Bf3 Be5 8.
Bxc6 dxc6 9. Qxc6 Bxc3 10. dxc3 Bd7 11. Qf3 Qe7 12. Bb2 b5 13. Qg3 Ne4 14. Qe5
a5 15. c4 bxc4 16. Qxg7# 1-0

[Event "Challenge"]
[Site "http://www.queenalice.com/game.php?id=166146"]
[Date "2007.2.9"]
[Round "-"]
[White "maurojk"]
[Black "lozinha"]
[Result "0-1"]
[WhiteElo "1397"]
[BlackElo "1274"]

1. d4 e6 2. e4 Qf6 3. a3 Nc6 4. Nf3 Be7 5. Nc3 Nh6 6. Nb5 Rb8 7. Nxc7+ Kd8 8.
Nb5 a6 9. Nc3 Ke8 10. Ng5 Nxd4 11. b4 Nc6 12. b5 axb5 13. Nxb5 Qxa1 14. Nd6+
Bxd6 15. Qxd6 Qxc1+ 16. Ke2 Qxg5 17. h4 Qc1 18. Kf3 Qxc2 19. Bb5 Qb3+ 20. Bd3
Ra8 21. Rb1 Qa2 22. e5 Rxa3 23. Kf4 Qxf2+ 24. Ke4 f5+ 25. exf6 Qf5+ 26. Ke3 Ng4+
27. Kd2 Qf2+ 0-1

[Event "AUTO-INT-411"]
[Site "http://www.queenalice.com/game.php?id=194853"]
[Date "2007.4.10"]
[Round "1"]
[White "holandes"]
[Black "lozinha"]
[Result "1-0"]
[WhiteElo "1583"]
[BlackElo "1342"]

1. e4 e6 2. d4 Qe7 3. Nf3 Qb4+ 4. c3 Qb6 5. b3 Nc6 6. Be3 Na5 7. b4 Nc6 8. d5
Nd4 9. Bxd4 Qd6 10. Na3 Qf4 11. Bd3 Nf6 12. Qe2 Ng4 13. g3 Qh6 14. Nh4 Nf6 15.
Be3 g5 16. Nb5 Kd8 17. Qd2 exd5 18. Bxg5 Qg7 19. e5 Be7 20. Nf5 Qg6 21. Nxe7 Qg7
22. Bxf6 Qg4 23. Bf5 Qf3 24. Rf1 Re8 25. Nd4 Qg2 26. f4 Qxd2+ 27. Kxd2 Rxe7 28.
Bxe7+ Kxe7 29. Bxh7 b6 30. Nb5 Rb8 31. Nxc7 Rb7 32. Nxd5+ Ke6 33. Be4 a5 34. Nf6
Rc7 35. h4 Ba6 36. Rfe1 Bc4 37. h5 axb4 38. g4 Ke7 39. h6 Rc8 40. a4 Kf8 41. g5
Ke7 42. f5 Rh8 43. h7 Kf8 44. Rg1 Kg7 45. g6 Rf8 46. Rh1 Rh8 47. Nxd7 bxc3+ 48.
Kxc3 Be2 49. f6# 1-0

[Event "AUTO-INT-411"]
[Site "http://www.queenalice.com/game.php?id=194854"]
[Date "2007.4.10"]
[Round "1"]
[White "lozinha"]
[Black "holandes"]
[Result "0-1"]
[WhiteElo "1337"]
[BlackElo "1708"]

1. e3 e5 2. Qf3 d5 3. Nc3 e4 4. Qg3 g6 5. Qe5+ Be6 6. Qxh8 Nf6 7. Nb5 Qe7 8. Nd4
Bd7 9. Nh3 c5 10. Nb3 h6 11. Nf4 Nc6 12. d4 cxd4 13. Bd2 O-O-O 14. Nxd4 b6 15.
Bc3 Ne5 16. Ba6+ Kc7 17. Be2 Kb7 18. Rg1 Qd6 19. g4 g5 20. Nh5 Ng6 21. Qxf6 Qxf6
22. Nxf6 Bc8 23. a4 Be7 24. Nb5 Be6 25. a5 a6 26. Na3 b5 27. Nb1 Bd6 28. Nd2
Bxh2 29. Rh1 Bd6 30. Rxh6 Bf8 31. Rh5 Be7 32. Rxg5 Rh8 33. f3 Rh1+ 34. Bf1 Nh4
35. Rh5 exf3 36. Kf2 Rh2+ 37. Ke1 f2+ 38. Ke2 Bxf6 39. Bxf6 Bxg4+ 40. Kd3 Bxh5
41. Bxh4 Rxh4 42. Bg2 Kc6 43. Rf1 Rb4 44. Rxf2 Rxb2 45. Rf6+ Kd7 46. Bxd5 Bd1
47. Rxf7+ Kd6 48. Bb7 Ra2 49. Rf6+ Kc5 50. Nb3+ Kb4 51. Rxa6 Bxc2+ 52. Kd4 Bxb3
53. Ra8 Rd2+ 54. Ke4 Bc2+ 55. Kf4 Rd7 56. Bc6 Rc7 57. Be8 Rc4+ 58. Kg3 Rc3 59.
a6 Rxe3+ 60. Kf4 Re4+ 61. Kf5 Rxe8+ 62. Kf6 Rxa8 63. Ke6 Rxa6+ 64. Kd7 Kc5 0-1

[Event "AUTO-INT-411"]
[Site "http://www.queenalice.com/game.php?id=194865"]
[Date "2007.4.10"]
[Round "1"]
[White "Sandrio2006"]
[Black "lozinha"]
[Result "1-0"]
[WhiteElo "1521"]
[BlackElo "1346"]

1. Nc3 e6 2. e4 Qf6 3. h4 Qd4 4. Nge2 Qb6 5. Na4 Qb4 6. b3 Qxe4 7. d3 Qe5 8. Bb2
Bb4+ 9. Bc3 Qb5 10. Nd4 Bxc3+ 11. Nxc3 Qe5+ 12. Nde2 Nf6 13. f4 Qa5 14. g3 Nd5
15. Qd2 Qc5 16. O-O-O Qc6 17. g4 Nb4 18. a3 N4a6 19. Bh3 Qb6 20. f5 Nc5 21. Nd4
Nc6 22. Qg5 Nxd4 23. Qxg7 Rf8 24. b4 Na6 25. Ne4 exf5 26. Nf6+ Ke7 27. Nd5+ Ke8
28. Nxb6 axb6 29. gxf5 Ke7 30. f6+ Ke8 31. Rde1+ Ne6 32. Qxh7 Kd8 33. Rhg1 c6
34. Rg8 Kc7 35. Rxf8 Nxf8 36. Qxf7 Ne6 37. Rxe6 Kb8 38. Rd6 Ka7 39. Qe7 Rb8 40.
f7 b5 41. f8=Q c5 42. Qf2 b6 43. c3 Bb7 44. Qxd7 c4 45. Qxb6+ Ka8 46. Qbxb5 cxd3
47. Rxa6+ Bxa6 48. Qxa6# 1-0

[Event "AUTO-INT-411"]
[Site "http://www.queenalice.com/game.php?id=194866"]
[Date "2007.4.10"]
[Round "1"]
[White "lozinha"]
[Black "Sandrio2006"]
[Result "1-0"]
[WhiteElo "1274"]
[BlackElo "1481"]

1. e3 e5 2. Qg4 Nf6 3. Qg5 h6 4. Qxe5+ Be7 5. Qg3 Nh5 6. Qe5 Nf6 7. Nf3 d6 8.
Qf4 g5 9. Qc4 d5 10. Qd4 Nc6 11. Qc3 g4 12. Ne5 Bb4 13. Nxc6 Ne4 14. Qxh8+ Kd7
15. Qxd8+ Kxc6 16. Qe8+ Kb6 17. Qb5# 1-0

[Event "AUTO-INT-411"]
[Site "http://www.queenalice.com/game.php?id=194873"]
[Date "2007.4.10"]
[Round "1"]
[White "lozinha"]
[Black "cesarFCP"]
[Result "1-0"]
[WhiteElo "1323"]
[BlackElo "1349"]

1. e3 b6 2. Qf3 Nc6 3. Bc4 Nh6 4. Nh3 f5 5. Nc3 Nb4 6. Kd1 d5 7. Bxd5 Rb8 8. Nf4
c6 9. Bxc6+ Nxc6 10. Qxc6+ Bd7 11. Qc4 b5 12. Qd4 b4 13. Nce2 Ng4 14. Ke1 a5 15.
b3 Rc8 16. Qd3 Bc6 17. Qa6 Rc7 18. Ne6 Qd7 19. Nxc7+ Qxc7 20. Qd3 Bxg2 21. Rg1
Qxh2 22. Qxf5 g6 23. Qxg4 Bd5 24. Bb2 Rg8 25. Qc8+ Kf7 26. Qc5 Bf3 27. Qc4+ e6
28. Rg3 Bd6 29. Rxf3+ Ke7 30. Kf1 Qh1+ 31. Ng1 h5 32. Ke2 g5 33. Qd4 e5 34. Qa7+
Ke6 35. Qf7# 1-0

[Event "AUTO-INT-411"]
[Site "http://www.queenalice.com/game.php?id=194874"]
[Date "2007.4.10"]
[Round "1"]
[White "cesarFCP"]
[Black "lozinha"]
[Result "0-1"]
[WhiteElo "1349"]
[BlackElo "1303"]

1. g3 e6 2. Bg2 Qe7 3. b3 Nc6 4. Bb2 Nh6 5. e3 Qd6 6. d4 Rb8 7. d5 exd5 8. e4
Be7 9. exd5 Na5 10. Qd4 Nf5 11. Qxa7 c5 12. Qxa5 b6 13. Qa7 c4 14. Ba3 Qe5+ 15.
Ne2 Bxa3 16. Nxa3 Qxa1+ 17. Kd2 Qe5 18. Nb5 Rb7 19. Qa8 Rb8 20. Qa7 cxb3 21.
axb3 Bb7 22. Qxb6 Bxd5 23. Qa7 Rxb5 24. Qa6 Bxg2 25. Re1 Ke7 26. Nd4 Be4 27.
Nxb5 Qd5+ 28. Kc1 Rc8 29. Qxc8 Kf6 30. c4 Qd3 31. f3 Qc2# 0-1

[Event "Challenge"]
[Site "http://www.queenalice.com/game.php?id=208912"]
[Date "2007.5.10"]
[Round "-"]
[White "lozinha"]
[Black "duivefluif"]
[Result "1-0"]
[WhiteElo "1335"]
[BlackElo "1193"]

1. e3 d5 2. Qf3 e5 3. Qe2 Bf5 4. Qb5+ c6 5. Qxb7 Nd7 6. Qxc6 Rc8 7. Qxd5 Rxc2 8.
Ne2 Ngf6 9. Qb3 Nc5 10. Qb5+ Nfd7 11. Na3 a6 12. Qb4 Nd3+ 13. Kd1 Nxb4 14. Nxc2
Nxc2 15. Rb1 Nd4 16. Nxd4 Bxb1 17. Bxa6 exd4 18. Bb5 Qc8 19. exd4 Bb4 20. Re1+
Be7 21. b3 1-0

[Event "Challenge"]
[Site "http://www.queenalice.com/game.php?id=209801"]
[Date "2007.5.12"]
[Round "-"]
[White "lolothebest"]
[Black "lozinha"]
[Result "0-1"]
[WhiteElo "1354"]
[BlackElo "1335"]

1. e4 e6 2. g3 Qe7 3. Qf3 Nf6 4. b3 Qb4 5. Ba3 Qd4 6. c3 Qe5 7. d4 Qg5 8. h4 Qa5
9. b4 Qb6 10. e5 Nd5 11. Nh3 Qc6 12. c4 Qb6 13. c5 Bxc5 14. dxc5 Qc6 15. Ng5 Rf8
16. h5 h6 17. Nd2 hxg5 18. h6 gxh6 19. Rc1 g4 20. Qxg4 Nf6 21. Qh3 Ng8 22. Bg2
Qa4 23. g4 Nc6 24. O-O Nxb4 25. Nc4 Nxa2 26. Nb2 Qf4 27. Rce1 Qd2 28. Nc4 Qf4
29. Re4 Qg5 30. c6 bxc6 31. f4 Qg6 32. f5 Qg5 33. fxe6 Ba6 34. exd7+ Kd8 35. Rd4
Re8 36. dxe8+=Q+ Kxe8 37. Qf3 Rd8 0-1

[Event "Challenge"]
[Site "http://www.queenalice.com/game.php?id=251978"]
[Date "2007.8.7"]
[Round "-"]
[White "WelintonMaia"]
[Black "lozinha"]
[Result "1-0"]
[WhiteElo "1709"]
[BlackElo "1352"]

1. e4 e6 2. d4 Nc6 3. Nf3 Qf6 4. e5 Qf5 5. Bd3 Qg4 6. O-O Nh6 7. h3 Qh5 8. Bg5
f6 9. exf6 gxf6 10. Bxf6 Rg8 11. Bxh7 Qf7 12. Bxg8 Qxf6 13. Bh7 b6 14. Be4 Bb7
15. Re1 Nf5 16. d5 Nd8 17. g4 Nh4 18. Nc3 Nxf3+ 19. Bxf3 Kf7 20. dxe6+ dxe6 21.
Bxb7 Nxb7 22. Qd7+ Kg8 23. Rxe6 Qf3 24. Rg6+ Kh8 25. Re1 Rd8 26. Qxc7 Rd2 27.
Qe5+ Kh7 28. Qh5+ Bh6 29. Qxh6# 1-0

[Event "AUTO-OPEN-861"]
[Site "http://www.queenalice.com/game.php?id=284543"]
[Date "2007.10.11"]
[Round "1"]
[White "lozinha"]
[Black "markus765432"]
[Result "0-1"]
[WhiteElo "1333"]
[BlackElo "2094"]

1. e3 e5 2. Qh5 Nc6 3. Bc4 d5 4. Bb5 Bd6 5. Qf3 Be6 6. Nc3 Ne7 7. Nh3 h6 8. b3
O-O 9. Bb2 a6 10. Be2 Qd7 11. e4 d4 12. Nd1 Ng6 13. c3 Bxh3 14. gxh3 Nf4 15. Bc4
b5 16. Bf1 f5 17. cxd4 Nxd4 18. Qe3 Nc2# 0-1

[Event "AUTO-OPEN-861"]
[Site "http://www.queenalice.com/game.php?id=284544"]
[Date "2007.10.11"]
[Round "1"]
[White "markus765432"]
[Black "lozinha"]
[Result "1-0"]
[WhiteElo "2100"]
[BlackElo "1331"]

1. e4 e6 2. d4 Qe7 3. Nf3 Qb4+ 4. c3 Qd6 5. Bd3 c6 6. O-O Nh6 7. Bxh6 gxh6 8.
Nbd2 Qf4 9. Qc2 Bd6 10. e5 Bc7 11. Ne4 Rg8 12. Nf6+ Kf8 13. Nxg8 Kxg8 14. Rae1
d5 15. exd6 Bxd6 16. Re4 Qf5 17. Rh4 Qf6 18. Bxh7+ Kf8 19. Qd2 Nd7 20. Re1 Qg7
21. Bc2 b6 22. Qxh6 Qxh6 23. Rxh6 Ke7 24. Ng5 Bf4 25. h4 Bb7 26. Rh7 Kd6 27.
Nxf7+ Kc7 28. Rxe6 c5 29. Ne5 Rg8 30. Rxd7+ Kb8 31. Rxb7+ Kxb7 32. h5 cxd4 33.
h6 dxc3 34. bxc3 Rh8 35. h7 a5 36. Nf7 1-0

[Event "AUTO-OPEN-861"]
[Site "http://www.queenalice.com/game.php?id=284547"]
[Date "2007.10.11"]
[Round "1"]
[White "lozinha"]
[Black "sbll"]
[Result "0-1"]
[WhiteElo "1331"]
[BlackElo "1989"]

1. e3 e5 2. Qh5 d6 3. Bc4 g6 4. Qf3 Nf6 5. Nc3 Bg7 6. b3 c6 7. Rb1 d5 8. Be2 O-O
9. Nh3 d4 10. exd4 exd4 11. Ne4 Nxe4 12. Qxe4 Bf5 13. Qf3 Bxc2 14. Rb2 d3 15.
Rxc2 dxc2 16. Qf4 Re8 17. Ng5 Qf6 18. Qg3 h6 19. Nf3 Qe7 20. Ng1 Na6 21. Qd3 Nb4
22. Qc4 Qe4 23. Qc5 Nd3+ 24. Kf1 Nxc5 0-1

[Event "AUTO-OPEN-861"]
[Site "http://www.queenalice.com/game.php?id=284548"]
[Date "2007.10.11"]
[Round "1"]
[White "sbll"]
[Black "lozinha"]
[Result "1-0"]
[WhiteElo "1989"]
[BlackElo "1331"]

1. d4 e6 2. Nf3 Qe7 3. e4 Qb4+ 4. c3 Qd6 5. Bd3 Qb6 6. O-O Nh6 7. Nbd2 Qd6 8. b3
b6 9. Bb2 Qf4 10. Qe2 Nc6 11. d5 Ne5 12. Nxe5 Qxe5 13. f4 Qd6 14. Nc4 Qc5+ 15.
Rf2 g6 16. Ba3 Qb5 17. Nd6+ cxd6 18. Bxb5 Rg8 19. dxe6 fxe6 20. Rd1 Bb7 21. Bxd6
Bg7 22. Bb4 Rc8 23. Bxd7+ 1-0